Skip to content
Inicio
Centros participantes
Catálogo
Servicios
Contacto
Login
English
Deutsch
Español
Français
Italiano
日本語
Nederlands
Português
Português (Brasil)
中文(简体)
中文(繁體)
Türkçe
עברית
Gaeilge
Cymraeg
Ελληνικά
Català
Euskara
Русский
Čeština
Suomi
Svenska
polski
Dansk
slovenščina
اللغة العربية
বাংলা
Galego
Tiếng Việt
Hrvatski
हिंदी
Հայերէն
Українська
Sámegiella
Language
All Fields
Title
Author
Subject
Call Number
ISBN/ISSN
Tag
Find
Advanced
Pastoral de la mujer /
Cite this
Email this
Print
Export Record
Export to RefWorks
Export to EndNoteWeb
Export to EndNote
Save to List
Permanent link
Add first rating
Pastoral de la mujer /
Saved in:
Bibliographic Details
Main Author:
Foulkes, Irene W. De
Corporate Author:
Programa Diversificado a Distancia
Other Authors:
Tamez Elsa
Format:
Text
Published:
San José:
SEVILLA
Tags:
Add Tag
No Tags, Be the first to tag this record!
Holdings
Description
Comments
Similar Items
Staff View
MARC
LEADER
00000 a a2200000 04500
001
24451
003
040
090
|a
175400
100
|a
Foulkes, Irene W. De
110
|a
Programa Diversificado a Distancia
245
|a
Pastoral de la mujer /
|c
Irene W. De Foulkes
260
|a
San José:
|b
SEVILLA
300
|a
82 p.
700
|a
Tamez Elsa
999
|c
7289
|d
7289
Similar Items
Pastoral de la Mujer: una antología /
by: Foulkes, Irene W. De
La situación de la agricultura en la unión europea. Informe de 1995
Informe sobre la actividad cafetalera de Costa Rica
La Política Social Europea
Informe sobre la actividad cafetalera